00434nam a22001457a 450000500170000000800410001702000150005804100120007308200120008510000120009724500760010926000480018530000300023365000250026320240926075842.0240926b |||||||| |||| 00| 0 eng d a0409006009 aEnglish a348 SOU lEnglish aThe South African Encyclopaedia of Forms and Precedents / cC Weinberg  aDurban:bButterworth and Publishers. c1982 bxli, 290 pages; c26 cm.  aLegal practice bLaw